The Weeknd - Chansons commençants par D - Statistiques

Statistiques générales
  • Ce quiz a été pris 14 fois
  • Le résultat moyen est 2 sur 9
Statistiques - réponses
D % Correct
Die for You
75%
D.D.
63%
Don't Break My Heart
25%
Drive
25%
Dancing in the Flames
13%
Dark Times (feat. Ed Sheeran)
0%
Dawn FM
0%
Dollhouse (feat. Lily-Rose Depp)
0%
Double Fantasy (feat. Future)
0%
Aucun quiz correspondant
Distribution des résultats
% des personnes avec chaque résultat
Percentile par nombre de réponses
Votre historique - résultats
Vous n’avez pas pris ce quiz